| 000 | 00710nam0a22002291 4500 | ||
|---|---|---|---|
| 001 | rc\204759 | ||
| 005 | 20030307114107.0 | ||
| 035 | _a(NLR Aleph) 005456646 | ||
| 090 |
_a4914186 _c4914186 |
||
| 100 | _a20030307d1993 u |0rusy50 ca | ||
| 101 | 0 | _arus | |
| 102 | _aRU | ||
| 105 | _aa ||||||||| | ||
| 200 | 1 |
_aТамара Хахлынова _eЖизнь и подвиг _e[Очерк _fАвт. текста Б.Д. Хахлынов] |
|
| 210 |
_aЭлиста _cГегян _d1993 |
||
| 215 |
_a86 с. _cил., портр. _d17 |
||
| 700 | 1 |
_aХахлынов _bБ. Д. _gБасан Данилович |
|
| 801 | 0 |
_aRU _bNLR _gpsbo |
|
| 801 | 1 |
_aRU _bELAR _2rusmarc |
|
| 852 |
_aNLR _j93-2/774 |
||
| 942 | _cBOOK | ||
| 980 | _aNB | ||